| 000 | 00547cab a2200193 4500 | ||
|---|---|---|---|
| 001 | ABS39260 | ||
| 008 | 090401t1988 xxu||||| |||| 00| 0 eng d | ||
| 035 | _a(Sirsi) u15510 | ||
| 041 | _aeng | ||
| 100 | _aSheehan, A.M. | ||
| 245 | _aNew water by-laws put onus on builder | ||
| 260 | _c1988 | ||
| 350 | _a0 | ||
| 490 |
_aBuilding Today _v195(5757) 26 May 1988, 36-37(2) |
||
| 520 | _aThe new by-laws concentrate on saving water and preventing possible contamination of the supply. | ||
| 690 | _aWATER | ||
| 942 | _n0 | ||
| 948 | _c04/03/1997 | ||
| 999 |
_c10180 _d10180 |
||